Central Library OPAC University of Rajshahi

The Democratic way of Life : (Record no. 40812)

MARC details
000 -LEADER
fixed length control field 00893cam a22002653 4500
001 - CONTROL NUMBER
control field 40812
003 - CONTROL NUMBER IDENTIFIER
rucl marc code BD-RjUL
005 - DATE AND TIME OF LATEST TRANSACTION
control field 20211209053300.0
008 - FIXED-LENGTH DATA ELEMENTS--GENERAL INFORMATION
fixed length control field 160510s19511960nyu 000 0 eng
035 ## - SYSTEM CONTROL NUMBER
System control number (BD-RjUL) 40927
040 ## - CATALOGING SOURCE
Original cataloging agency DLC
Transcribing agency DLC
Language of cataloging eng
Modifying agency (BD-RjUL)
041 ## - LANGUAGE CODE
Language code of text/sound track or separate title eng
082 ## - DEWEY DECIMAL CLASSIFICATION NUMBER
Edition number 23
Classification number 321.8
Author mark and year SMD 1960
100 1# - MAIN ENTRY--PERSONAL NAME
Personal name Smith, Thomas Vernor,
Dates associated with a name 1890-1964.
9 (RLIN) 125586
245 14 - TITLE STATEMENT
Title The Democratic way of Life :
Remainder of title An American Interpretation /
Statement of responsibility, etc. T.V. Smith and Eduard C. Lindeman.
260 ## - PUBLICATION, DISTRIBUTION, ETC. (IMPRINT)
Place of publication, distribution, etc. New York :
Name of publisher, distributor, etc. New American Library of World Literature,
Date of publication, distribution, etc. c1951 [Printing 1960]
300 ## - PHYSICAL DESCRIPTION
Pagination 159 p.
Size 18 cm.
500 ## - GENERAL NOTE
General note "A Mentor book, "
General note "A new Edition of a Famous Book Completely revised and expanded"
650 #0 - SUBJECT ADDED ENTRY--TOPICAL TERM
Topical term or geographic name as entry element Democracy.
9 (RLIN) 125587
Topical term or geographic name as entry element Sociology.
9 (RLIN) 125588
700 1# - ADDED ENTRY--PERSONAL NAME
Personal name Lindeman, Eduard, Jt. auth.
942 ## - ADDED ENTRY ELEMENTS (KOHA)
Source of classification or shelving scheme Dewey Decimal Classification
Koha item type Books
Holdings
Lost status Source of classification or shelving scheme Damaged status Not for loan Collection code Permanent Location Current Location Shelving location Date acquired Source of acquisition Total Checkouts Full call number Date last seen Copy number Koha item type Cost, normal purchase price
  Dewey Decimal Classification   Not For Loan Non-fiction Central Library, University of Rajshahi Central Library, University of Rajshahi Reading Room 15/03/1962 Compliment of the Asia Foundation   321.8 SMD 1960 10/05/2016 C-1 Books  
  Dewey Decimal Classification     Non-fiction Central Library, University of Rajshahi Central Library, University of Rajshahi   08/12/1977 International Agency   321.8 SMD 1960 10/05/2016 C-2 Books 0.00
  Dewey Decimal Classification     Non-fiction Central Library, University of Rajshahi Central Library, University of Rajshahi   15/03/1962 Compliment of the Asia Foundation   321.8 SMD 1960 10/05/2016 C-3 Books